000 01107nam a2200337 4500
001 74915
010 _a978-989-707-940-5
021 _aPT
_b452786/19
090 _a74915
100 _a20200128d2020 c||y0pory50030103ba
101 1 _apor
_ceng
102 _aPT
105 _aa z 000fy
106 _ar
200 1 _aA rainha da neve
_fHans Cristian Andersen
_gadapt. Valentina Bonaguro
_gil. Luna Scortegagna
205 _a1ed
210 9 _aAmadora
_cFábula,
_d2020
215 _a[27] p.
_ctodo il.
_d30 cm
304 _aTít. orig.: The Snow Queen
675 _a82
_vBN
_zpor
700 1 _aAndersen,
_bHans Christian,
_f1805-1875
702 1 _aBonaguro,
_bV.
_4010
702 1 _aScortegagna,
_bLuna
_4440
801 0 _aPT
_bBN
_gRPC
856 4 1 _uhttp://rnod.bnportugal.gov.pt/ImagesBN/winlibimg.aspx?skey=&doc=2039102&img=135087&save=true
942 _cMON
_n0